000 00546nam a22001817a 4500
005 20251108170859.0
008 250721s1998 xx 000 0 ara d
082 1 4 _aط/923.547/بدر
100 1 _aبدران، جمال
245 1 0 _aستالين :
_bالحديدي المتخابث /
264 1 _aالقاهرة :
_bمكتبة الدار العربية للكتاب،
_c1998.
300 _a76ص
650 1 7 _aالتراجم
650 1 7 _aستالين
700 1 _aحمدان، وائل
_eرسوم
942 _2ddc
_cBK
999 _c51198
_d51198